000 01026cab a2200265 4500
001 ABS52905
008 090401t1995 xxu||||| |||| 00| 0 eng d
035 _a(Sirsi) u790
041 _aeng
100 _aWilkinson, H. W.
245 _aFull repairing covenants
260 _c1995
350 _a0
490 _aNew Law Journal
_v145(6696) 19 May 1995, 718-719(2)
520 _aExamines the use of full repairing covenants, considering some of the problems, as highlighted in the decision in "Credit Suisse v Beegas Nominees Ltd" (ABS50488), where a repairing covenant to keep the building in good condition was found to be broad enough to require repairs which might put the premises in a better state of repair than when it was let.
650 _aBETTERMENT
650 _aCREDIT SUISSE V BEEGAS NOMINEES LTD
650 _aLEASES
650 _aOBLIGATION TO REPAIR
650 _aREPAIRING COVENANTS
650 _aREPAIRS
690 _aLANDLORD AND TENANT-BUSINESS TENANCIES
942 _n0
948 _c04/03/1997
999 _c426
_d426